| 000 | 01034naa a2200301 c 4500 | ||
|---|---|---|---|
| 001 | 30712 | ||
| 003 | ES-MaCES | ||
| 005 | 20150929131726.0 | ||
| 008 | 970619n1997 sp ||| | spa d | ||
| 035 | _aCES19980046561v | ||
| 040 |
_aES-MaCES _bspa _cES-MaCES |
||
| 100 | 1 |
_aRuiz Castillo, María del Mar _922843 |
|
| 245 | 1 | 0 |
_aDecisiones del empresario y negociación colectiva _cpor María del Mar Ruiz Castillo |
| 650 | 4 |
_aEspaña _926964 |
|
| 650 | 4 |
_arégimen jurídico _929894 |
|
| 650 | 4 |
_acondiciones de trabajo _928327 |
|
| 650 | 4 |
_amovilidad de la mano de obra _928354 |
|
| 650 | 4 |
_adesplazamiento _928358 |
|
| 650 | 4 |
_aclasificación de empleos _928312 |
|
| 650 | 4 |
_anegociación colectiva _928362 |
|
| 650 | 4 |
_aalta dirección _928192 |
|
| 653 | 1 | 0 | _aRelaciones laborales-Empleo |
| 650 | 4 |
_928371 _aactitud de la dirección |
|
| 773 | 0 |
_tTemas laborales _gN. 41 (1997 ; p. 3-14 _w(ES-MaCES)25227 |
|
| 902 | _aART Artículo de revista | ||
| 942 |
_2CES _cAR _h2.0. |
||
| 999 |
_c30712 _d30712 |
||